[Event "Youth Classic 2019 - Juniors Open U18"]
[Site "Bad Soden, Hasselgrundhalle"]
[Date "2019.10.04"]
[Round "3.2"]
[White "Papadopoulos, Ioannis"]
[Black "Köllner, Aaron Noah"]
[Result "0-1"]
[WhiteElo "1944"]
[BlackElo "2087"]
[PlyCount "134"]
[EventDate "2019.??.??"]
[WhiteTeam "SV Oberursel"]
[BlackTeam "SV Bergneustadt/Derschlag"]

1. e4 c5 2. Nf3 e6 3. d4 cxd4 4. Nxd4 Nc6 5. Nc3 Qc7 6. Be3 a6 7. a3 b5 8. Be2
Bb7 9. O-O Nf6 10. Nxc6 Bxc6 11. Qd4 h5 12. h3 Rc8 13. f4 h4 14. Rad1 Qb7 15.
Bf3 Nh5 16. e5 Ng3 17. Bxc6 Rxc6 18. Rfe1 Nf5 19. Qa7 Qxa7 20. Bxa7 Bc5+ 21.
Bxc5 Rxc5 22. Re2 Ke7 23. Ne4 Rc6 24. c3 Rd8 25. Rd3 a5 26. Kf2 a4 27. Kf3 f6
28. g4 hxg3 29. Nxg3 Nh4+ 30. Kg4 Ng6 31. exf6+ Kxf6 32. Ne4+ Ke7 33. Rd4 Rf8
34. Nf2 Rc4 35. Nd3 Rxd4 36. cxd4 Kd6 37. Kf3 Kd5 38. Ke3 Nh4 39. Nb4+ Kc4 40.
Rc2+ Kb3 41. Rf2 g5 42. Nd3 Nf5+ 43. Ke4 d5+ 44. Ke5 Kc4 45. Nc5 Nxd4 46. Nxe6
Nxe6 47. Kxe6 Rxf4 48. Rc2+ Kd3 49. Rc5 d4 50. Rxg5 Ke2 51. Ke5 Rh4 52. Rg2+
Ke3 53. Rg3+ Kd2 54. Rg4 Rxg4 55. hxg4 d3 56. g5 Kc2 57. g6 d2 58. g7 d1=Q 59.
g8=Q Qe2+ 60. Kd4 Kxb2 61. Qf8 Qc4+ 62. Ke3 Qc3+ 63. Ke4 Qxa3 64. Qf2+ Kb3 65.
Qf3+ Ka2 66. Qf2+ Qb2 67. Qf7+ Ka1 0-1

[Event "Youth Classic 2019 - Juniors Open U18"]
[Site "Bad Soden, Hasselgrundhalle"]
[Date "2019.10.04"]
[Round "3.3"]
[White "Hoffmann, Jens"]
[Black "Iliev, Mustafa Batuhan"]
[Result "0-1"]
[WhiteElo "2113"]
[BlackElo "2017"]
[PlyCount "60"]
[EventDate "2019.??.??"]
[WhiteTeam "SF HN-Biberach"]
[BlackTeam "SV Groáauheim"]

1. e4 c5 2. Nc3 Nc6 3. g3 g6 4. Bg2 Bg7 5. Nge2 e6 6. O-O Nge7 7. d3 d6 8. Be3
Nd4 9. Rb1 Nec6 10. f4 O-O 11. Bf2 Rb8 12. a3 b5 13. b4 cxb4 14. axb4 a5 15.
bxa5 Qxa5 16. Nxd4 Nxd4 17. Ne2 Nxe2+ 18. Qxe2 b4 19. Rb3 Bd7 20. Rc1 Bc3 21.
Be1 Ba4 22. Rbb1 Rfc8 23. Bxc3 Rxc3 24. Qf2 Rbc8 25. Qd4 b3 26. Qxd6 Qa7+ 27.
d4 bxc2 28. Rb4 Rd3 29. Bf1 Rd1 30. Rxc2 Bxc2 0-1

[Event "Youth Classic 2019 - Juniors Open U18"]
[Site "Bad Soden, Hasselgrundhalle"]
[Date "2019.10.04"]
[Round "3.4"]
[White "Wu, Sifan"]
[Black "Geltz, Noah"]
[Result "0-1"]
[WhiteElo "1574"]
[BlackElo "2054"]
[PlyCount "58"]
[EventDate "2019.??.??"]
[WhiteTeam "SV Oberursel"]
[BlackTeam "SF HN-Biberach"]

1. e4 c5 2. Nf3 a6 3. d4 cxd4 4. Nxd4 e5 5. Nb3 Nf6 6. f3 d5 7. Nc3 d4 8. Ne2
Nc6 9. Ng3 Be6 10. Bd2 Rc8 11. Bd3 Bd6 12. O-O Qc7 13. c4 O-O 14. Rc1 Nb4 15.
Bxb4 Bxb4 16. a3 Be7 17. Na1 Nd7 18. b4 a5 19. Qd2 axb4 20. axb4 Ra8 21. c5 Ra2
22. Rc2 Rfa8 23. Rxa2 Rxa2 24. Qc1 h6 25. Nc2 Bg5 26. Qb1 b6 27. cxb6 Nxb6 28.
b5 Qc3 29. Nb4 Rb2 0-1

[Event "Youth Classic 2019 - Juniors Open U18"]
[Site "Bad Soden, Hasselgrundhalle"]
[Date "2019.10.04"]
[Round "3.5"]
[White "Meinecke, Florian"]
[Black "Murmann, Jonas"]
[Result "1-0"]
[WhiteElo "1987"]
[BlackElo "1394"]
[PlyCount "97"]
[EventDate "2019.??.??"]
[WhiteTeam "SV Turm Sankt Augustin"]
[BlackTeam "SC ML Kastellaun"]

1. d4 d5 2. Bf4 Bf5 3. e3 e6 4. Nf3 Bd6 5. Bg3 Nf6 6. Nbd2 Nbd7 7. c4 dxc4 8.
Bxc4 Qe7 9. Qb3 Nb6 10. Be2 O-O 11. Rc1 c5 12. Bxd6 Qxd6 13. dxc5 Qc7 14. O-O
Nbd7 15. Qc4 Rfd8 16. b4 Ne5 17. Nxe5 Rxd2 18. Nf3 Ng4 19. h3 Ne5 20. Nxe5 Qxe5
21. Rfd1 Rad8 22. Rxd2 Rxd2 23. Rd1 Rxd1+ 24. Bxd1 Qd5 25. Qxd5 exd5 26. Bf3
Be4 27. Bxe4 dxe4 28. Kf1 Kf8 29. Ke2 Ke7 30. Kd2 Ke6 31. Kc3 Kd5 32. a3 f5 33.
g3 g5 34. h4 h6 35. hxg5 hxg5 36. Kb3 Ke5 37. Kc4 a6 38. a4 f4 39. gxf4+ gxf4
40. b5 fxe3 41. fxe3 axb5+ 42. axb5 b6 43. cxb6 Kd6 44. Kd4 Kd7 45. Kxe4 Kc8
46. Kd5 Kb7 47. Kc5 Kb8 48. Kc6 Ka8 49. e4 1-0

[Event "Youth Classic 2019 - Juniors Open U18"]
[Site "Bad Soden, Hasselgrundhalle"]
[Date "2019.10.04"]
[Round "3.6"]
[White "Schmetkamp, Ian"]
[Black "Lehmann, Tim"]
[Result "0-1"]
[WhiteElo "1129"]
[BlackElo "1955"]
[PlyCount "44"]
[EventDate "2019.??.??"]
[WhiteTeam "Post  Schw. Hall"]
[BlackTeam "SV Lahn Limburg"]

1. e4 c5 2. Nf3 d6 3. d4 cxd4 4. Nxd4 Nf6 5. Nc3 a6 6. Bd3 e6 7. O-O Be7 8. Re1
Nbd7 9. Be3 Qc7 10. Qe2 b5 11. a3 Bb7 12. Rac1 Ne5 13. Bg5 O-O 14. Nf3 Nc4 15.
Bxc4 bxc4 16. b3 h6 17. Bxf6 Bxf6 18. Na4 Rac8 19. Qe3 d5 20. Nb6 d4 21. Nxd4
Qxb6 22. e5 Bg5 0-1

[Event "Youth Classic 2019 - Juniors Open U18"]
[Site "Bad Soden, Hasselgrundhalle"]
[Date "2019.10.04"]
[Round "3.7"]
[White "Stobbe, Frederik"]
[Black "Wagner, Valerian"]
[Result "1-0"]
[WhiteElo "1849"]
[BlackElo "751"]
[PlyCount "43"]
[EventDate "2019.??.??"]
[WhiteTeam "SC Bad Soden"]
[BlackTeam "SC Bad Soden"]

1. e4 e5 2. Bc4 Nf6 3. d3 Bc5 4. Nc3 d6 5. f4 Bg4 6. Nf3 exf4 7. Bxf4 Nc6 8.
Qd2 Qe7 9. O-O-O O-O-O 10. Kb1 Qd7 11. Bb5 a6 12. Ba4 Qe6 13. d4 Bb4 14. d5 Qf5
15. exf5 Ne4 16. Qd3 Nf2 17. Qc4 Nxd1 18. Rxd1 b5 19. Qxc6 bxa4 20. Nxa4 Bxf5
21. Nb6+ Kb8 22. Qa8# 1-0

[Event "Youth Classic 2019 - Juniors Open U18"]
[Site "Bad Soden, Hasselgrundhalle"]
[Date "2019.10.04"]
[Round "3.8"]
[White "Englert, Georg"]
[Black "Hoang, Jan"]
[Result "1-0"]
[WhiteElo "1249"]
[BlackElo "1097"]
[PlyCount "57"]
[EventDate "2019.??.??"]
[WhiteTeam "SC ML Kastellaun"]
[BlackTeam "Post  Schw. Hall"]

1. e4 e5 2. Nf3 Nc6 3. d4 exd4 4. Nxd4 Nf6 5. Nxc6 bxc6 6. Nc3 Bb4 7. Bd3 O-O
8. O-O Bxc3 9. bxc3 Re8 10. Re1 h6 11. Rb1 Qe7 12. Qf3 d5 13. e5 Ng4 14. Bf4
Kh8 15. h3 Nxf2 16. Kxf2 Qc5+ 17. Qe3 Qxc3 18. Bxh6 Rxe5 19. Bxg7+ Kxg7 20.
Qxe5+ Qxe5 21. Rxe5 Be6 22. Rb7 Kf6 23. Re3 d4 24. Rf3+ Kg7 25. Rxc7 Bxa2 26.
Rxc6 a5 27. Bc4 Bxc4 28. Rxc4 a4 29. Ra3 1-0

[Event "Youth Classic 2019 - Juniors Open U18"]
[Site "Bad Soden, Hasselgrundhalle"]
[Date "2019.10.04"]
[Round "3.9"]
[White "Mehl, Florian"]
[Black "Sander, Jannik"]
[Result "0-1"]
[WhiteElo "983"]
[BlackElo "1233"]
[PlyCount "50"]
[EventDate "2019.??.??"]
[WhiteTeam "Post  Schw. Hall"]
[BlackTeam "SK Gernsheim"]

1. c4 Nf6 2. Nc3 c5 3. g3 Nc6 4. Bg2 e6 5. d3 Be7 6. Nf3 O-O 7. O-O d5 8. cxd5
exd5 9. a3 Rb8 10. Re1 Re8 11. Bd2 d4 12. Na4 b5 13. Nxc5 Bxc5 14. Rc1 Qb6 15.
Ng5 Bb7 16. b4 Bd6 17. Qb3 Re7 18. Ne4 Nxe4 19. Bxe4 Ne5 20. Bf4 Bxe4 21. dxe4
Nc4 22. Bg5 Rxe4 23. Qd3 Rbe8 24. f3 R4e5 25. Bf4 R5e6 0-1

[Event "Youth Classic 2019 - Juniors Open U18"]
[Site "Bad Soden, Hasselgrundhalle"]
[Date "2019.10.04"]
[Round "3.10"]
[White "Köpke, Carolina"]
[Black "Jung, Natalie"]
[Result "1-0"]
[WhiteElo "1453"]
[BlackElo "1119"]
[PlyCount "67"]
[EventDate "2019.??.??"]
[WhiteTeam "SV Oberursel"]
[BlackTeam "SK Ettlingen"]

1. d4 d5 2. Bf4 Bf5 3. e3 Nf6 4. c4 e6 5. Nc3 c6 6. Qb3 Qb6 7. c5 Qxb3 8. axb3
Nbd7 9. Nf3 Be7 10. b4 O-O 11. b5 Nh5 12. Bg3 Nxg3 13. hxg3 Rfc8 14. Be2 b6 15.
bxc6 Rxc6 16. Bb5 Rc7 17. b4 bxc5 18. dxc5 Bf6 19. Nd4 Bxd4 20. exd4 Nb8 21.
O-O Nc6 22. Bxc6 Rxc6 23. b5 Rcc8 24. Ra6 Bd3 25. Rfa1 Rc7 26. Rc6 Rb7 27. b6
a6 28. Ra2 Kf8 29. Rb2 Rab8 30. Rc7 Rxc7 31. bxc7 Rxb2 32. c8=Q+ Ke7 33. c6 Rc2
34. c7 1-0

[Event "Youth Classic 2019 - Juniors Open U18"]
[Site "Bad Soden, Hasselgrundhalle"]
[Date "2019.10.04"]
[Round "3.11"]
[White "Pfaff, Pawel"]
[Black "Roden, Philipp"]
[Result "1/2-1/2"]
[WhiteElo "1265"]
[BlackElo "1295"]
[PlyCount "42"]
[EventDate "2019.??.??"]
[WhiteTeam "SC Bad Soden"]
[BlackTeam "SC ML Kastellaun"]

1. e4 c5 2. d3 Nc6 3. Nc3 g6 4. Nf3 Bg7 5. Be2 e6 6. Be3 b6 7. O-O Nge7 8. h3
Bb7 9. d4 cxd4 10. Bxd4 Nxd4 11. Nxd4 O-O 12. Bf3 d5 13. Nde2 dxe4 14. Qxd8
Rfxd8 15. Bxe4 Bxe4 16. Nxe4 Bxb2 17. Rab1 Bg7 18. Rbd1 Rac8 19. Rxd8+ Rxd8 20.
Rc1 Rc8 21. c4 Nf5 1/2-1/2

[Event "Youth Classic 2019 - Juniors Open U18"]
[Site "Bad Soden, Hasselgrundhalle"]
[Date "2019.10.04"]
[Round "3.12"]
[White "Sauer, Philipp"]
[Black "Klein, Dennis"]
[Result "1/2-1/2"]
[WhiteElo "1166"]
[BlackElo "1119"]
[PlyCount "48"]
[EventDate "2019.??.??"]
[WhiteTeam "Post  Schw. Hall"]
[BlackTeam "Post  Schw. Hall"]

1. e4 e5 2. Nf3 Nc6 3. d4 exd4 4. Nxd4 Bc5 5. c3 Qf6 6. Be3 Nge7 7. Bc4 O-O 8.
O-O d6 9. Qd3 Bb6 10. Nxc6 Nxc6 11. Bxb6 axb6 12. Nd2 Ne5 13. Qg3 Nxc4 14. Nxc4
b5 15. Nd2 b6 16. f4 Re8 17. Rae1 Bb7 18. e5 dxe5 19. fxe5 Qh6 20. Rf2 Rxa2 21.
e6 Rxe6 22. Rxe6 Qxe6 23. Qxc7 Qc8 24. Qxf7+ Kh8 1/2-1/2

[Event "Youth Classic 2019 - Juniors Open U18"]
[Site "Bad Soden, Hasselgrundhalle"]
[Date "2019.10.04"]
[Round "4.1"]
[White "Köllner, Ruben Gideon"]
[Black "Iliev, Mustafa Batuhan"]
[Result "0-1"]
[WhiteElo "2254"]
[BlackElo "2017"]
[PlyCount "64"]
[EventDate "2019.??.??"]
[WhiteTeam "SF Deizisau"]
[BlackTeam "SV Großauheim"]

1. d4 f5 2. Bg5 g6 3. Nc3 Bg7 4. h4 h6 5. Bf4 Nf6 6. e3 d6 7. Bc4 e6 8. Qf3 O-O
9. Nge2 Nc6 10. Bh2 Na5 11. Bd3 Ng4 12. Nf4 Qf6 13. Be2 Qf7 14. Qg3 e5 15. dxe5
dxe5 16. Nd3 e4 17. Nf4 Be5 18. Bg1 Qg7 19. Rd1 Bxc3+ 20. bxc3 Qxc3+ 21. Kf1
Nc4 22. Bxc4+ Qxc4+ 23. Ne2 Kh7 24. f3 Nf6 25. Bh2 Rf7 26. Rd8 b6 27. Kf2 Ba6
28. Nf4 Ng4+ 29. fxg4 Qxc2+ 30. Kg1 Rxd8 31. gxf5 Rd1+ 32. Qe1 Rxe1# 0-1

[Event "Youth Classic 2019 - Juniors Open U18"]
[Site "Bad Soden, Hasselgrundhalle"]
[Date "2019.10.04"]
[Round "4.2"]
[White "Köllner, Aaron Noah"]
[Black "Geltz, Noah"]
[Result "1/2-1/2"]
[WhiteElo "2087"]
[BlackElo "2054"]
[PlyCount "88"]
[EventDate "2019.??.??"]
[WhiteTeam "SV Bergneustadt/Derschlag"]
[BlackTeam "SF HN-Biberach"]

1. d4 Nf6 2. Bg5 Ne4 3. Bf4 d5 4. e3 c5 5. Bd3 Nf6 6. c3 Nc6 7. Nd2 e6 8. Ngf3
Bd6 9. Bg3 O-O 10. Ne5 Bxe5 11. dxe5 Nd7 12. Nf3 f5 13. exf6 Nxf6 14. O-O Qe7
15. Ne5 Nxe5 16. Bxe5 b6 17. Qc2 h6 18. a4 Bb7 19. f3 Nd7 20. Bg3 c4 21. Bh7+
Kh8 22. Bg6 Nc5 23. Qe2 Rad8 24. Rad1 Bc6 25. e4 Bxa4 26. exd5 Bxd1 27. Rxd1
Qf6 28. Bb1 exd5 29. Be5 Qe6 30. Qc2 Nd3 31. f4 Qg6 32. Qe2 Qe4 33. Qd2 Rde8
34. Bxd3 cxd3 35. Qxd3 Qxd3 36. Rxd3 Rd8 37. g4 Kg8 38. h4 Kf7 39. g5 hxg5 40.
hxg5 Kg6 41. Kf2 Rf7 42. Rh3 Rff8 43. Rd3 Rh8 44. Kg3 Rhf8 1/2-1/2

[Event "Youth Classic 2019 - Juniors Open U18"]
[Site "Bad Soden, Hasselgrundhalle"]
[Date "2019.10.04"]
[Round "4.3"]
[White "Stobbe, Frederik"]
[Black "Vakulenko, Oleksandr"]
[Result "0-1"]
[WhiteElo "1849"]
[BlackElo "2167"]
[PlyCount "80"]
[EventDate "2019.??.??"]
[WhiteTeam "SC Bad Soden"]
[BlackTeam "Gambit Kiew"]

1. e4 e5 2. Bc4 Nf6 3. d3 c6 4. Nf3 d5 5. Bb3 Bd6 6. Bg5 dxe4 7. dxe4 Qe7 8.
Qe2 Nbd7 9. Nbd2 h6 10. Bxf6 Qxf6 11. h3 Bc7 12. Nc4 Nc5 13. Qe3 b6 14. g3 a5
15. a3 Be6 16. Ncd2 O-O 17. g4 Bxb3 18. Nxb3 Ne6 19. O-O-O a4 20. Nbd2 b5 21.
h4 Qe7 22. h5 Rfb8 23. Nh4 Qf8 24. Ndf3 b4 25. g5 Bb6 26. Qd3 hxg5 27. Nxe5
gxh4 28. h6 Rd8 29. Qf3 Rxd1+ 30. Qxd1 bxa3 31. bxa3 Qxa3+ 32. Kb1 Ng5 33. h7+
Nxh7 34. Qh5 g6 35. Rg1 Qb4+ 36. Ka2 Nf8 37. Ng4 Qb5 38. Qxb5 cxb5 39. e5 Kg7
40. Nf6 Bxf2 0-1

[Event "Youth Classic 2019 - Juniors Open U18"]
[Site "Bad Soden, Hasselgrundhalle"]
[Date "2019.10.04"]
[Round "4.4"]
[White "Lehmann, Tim"]
[Black "Papadopoulos, Ioannis"]
[Result "1-0"]
[WhiteElo "1955"]
[BlackElo "1944"]
[PlyCount "51"]
[EventDate "2019.??.??"]
[WhiteTeam "SV Lahn Limburg"]
[BlackTeam "SV Oberursel"]

1. d4 d5 2. Bf4 Nf6 3. e3 e6 4. Nf3 c5 5. c3 Bd6 6. Bg3 Nc6 7. Nbd2 O-O 8. Bd3
Re8 9. Ne5 Qc7 10. f4 b6 11. Bh4 Be7 12. O-O Bb7 13. Qf3 a5 14. Rf2 Ne4 15.
Bxe7 Nxf2 16. Bxh7+ Kxh7 17. Qh5+ Kg8 18. Qxf7+ Kh7 19. Qg6+ Kh8 20. Nf7+ Kg8
21. Ng5 Nxe7 22. Qh7+ Kf8 23. Nxe6+ Kf7 24. Nxc7 Rh8 25. Qc2 Rac8 26. Nb5 1-0

[Event "Youth Classic 2019 - Juniors Open U18"]
[Site "Bad Soden, Hasselgrundhalle"]
[Date "2019.10.04"]
[Round "4.5"]
[White "Sander, Jannik"]
[Black "Meinecke, Florian"]
[Result "0-1"]
[WhiteElo "1233"]
[BlackElo "1987"]
[PlyCount "60"]
[EventDate "2019.??.??"]
[WhiteTeam "SK Gernsheim"]
[BlackTeam "SV Turm Sankt Augustin"]

1. e4 c6 2. d4 d5 3. Nc3 dxe4 4. Nxe4 Bf5 5. Ng3 Bg6 6. Nf3 Nd7 7. Bf4 e6 8.
Be2 Ngf6 9. Nh4 Nd5 10. Nxg6 hxg6 11. Bd2 Bd6 12. c4 N5f6 13. O-O Ne4 14. Be3
Qh4 15. h3 Nxg3 16. fxg3 Bxg3 17. Qd2 Qe7 18. Rf3 Bc7 19. Raf1 Rf8 20. d5 Ne5
21. Rf4 exd5 22. cxd5 O-O-O 23. Rd4 cxd5 24. Rxd5 Rxd5 25. Qxd5 Rd8 26. Qe4 f5
27. Qc2 Nc6 28. Bf2 Qe5 29. g3 Nd4 30. Qc4 Nxe2+ 0-1

[Event "Youth Classic 2019 - Juniors Open U18"]
[Site "Bad Soden, Hasselgrundhalle"]
[Date "2019.10.04"]
[Round "4.6"]
[White "Englert, Georg"]
[Black "Wu, Sifan"]
[Result "0-1"]
[WhiteElo "1249"]
[BlackElo "1574"]
[PlyCount "88"]
[EventDate "2019.??.??"]
[WhiteTeam "SC ML Kastellaun"]
[BlackTeam "SV Oberursel"]

1. e4 e5 2. Nf3 Nc6 3. d4 exd4 4. Nxd4 Bc5 5. Be3 Qf6 6. c3 Nge7 7. Be2 O-O 8.
O-O Ne5 9. Nf3 Bxe3 10. fxe3 Nxf3+ 11. Rxf3 Qb6 12. Qd2 d6 13. Na3 Be6 14. Bc4
Ng6 15. Bxe6 fxe6 16. Raf1 Rxf3 17. Rxf3 Ne5 18. Rf2 Qc6 19. Qc2 Ng4 20. Rf3
Rf8 21. Rxf8+ Kxf8 22. Qd3 Nf6 23. e5 dxe5 24. Qc4 Qxc4 25. Nxc4 Nd7 26. Kf2
Kf7 27. Kf3 Kf6 28. Nd2 h6 29. b3 c6 30. h3 Nb6 31. c4 a5 32. a4 Nd7 33. g3 Nc5
34. Ne4+ Nxe4 35. Kxe4 b6 36. Kf3 Ke7 37. Ke4 Kd6 38. Kd3 Kc5 39. e4 Kb4 40.
Kc2 Ka3 41. Kc3 c5 42. g4 g5 43. Kc2 Ka2 44. Kc3 Kb1 0-1

[Event "Youth Classic 2019 - Juniors Open U18"]
[Site "Bad Soden, Hasselgrundhalle"]
[Date "2019.10.04"]
[Round "4.7"]
[White "Köpke, Carolina"]
[Black "Hoffmann, Jens"]
[Result "0-1"]
[WhiteElo "1453"]
[BlackElo "2113"]
[PlyCount "94"]
[EventDate "2019.??.??"]
[WhiteTeam "SV Oberursel"]
[BlackTeam "SF HN-Biberach"]

1. d4 Nf6 2. Bf4 e6 3. e3 c5 4. c3 Qb6 5. Qb3 d6 6. Nd2 Qxb3 7. axb3 Nh5 8. Bg3
Be7 9. Ngf3 O-O 10. Bd3 Nc6 11. Ne4 Nxg3 12. hxg3 h6 13. g4 f5 14. gxf5 exf5
15. Bc4+ Kh7 16. Neg5+ Kg6 17. Nh3 Bg5 18. Bd3 Kf6 19. Nhxg5 hxg5 20. Rh5 g4
21. Nh4 Ne7 22. f4 Be6 23. Kd2 Bf7 24. Rg5 g6 25. e4 cxd4 26. exf5 dxc3+ 27.
bxc3 gxf5 28. Re1 Be6 29. g3 Rg8 30. Rxg8 Rxg8 31. Ng2 Bxb3 32. Rb1 Bd5 33. Ne3
Bc6 34. Ra1 a6 35. Ra5 d5 36. c4 Rd8 37. cxd5 Nxd5 38. Nxd5+ Rxd5 39. Rxd5 Bxd5
40. Kc3 Be4 41. Bc4 Ke7 42. Kb4 Kd6 43. Bb3 Kc6 44. Ba4+ b5 45. Bd1 Kb6 46. Kb3
Kc5 47. Kc3 a5 0-1

[Event "Youth Classic 2019 - Juniors Open U18"]
[Site "Bad Soden, Hasselgrundhalle"]
[Date "2019.10.04"]
[Round "4.8"]
[White "Murmann, Jonas"]
[Black "Mehl, Florian"]
[Result "1-0"]
[WhiteElo "1394"]
[BlackElo "983"]
[PlyCount "55"]
[EventDate "2019.??.??"]
[WhiteTeam "SC ML Kastellaun"]
[BlackTeam "Post  Schw. Hall"]

1. c4 e6 2. Nc3 Nf6 3. g3 d5 4. cxd5 exd5 5. Bg2 g6 6. d4 Bg7 7. Nf3 O-O 8. O-O
Re8 9. Bf4 a6 10. Qd2 Nc6 11. Ne5 Bf5 12. Rfe1 Ne4 13. Nxc6 bxc6 14. Nxe4 Bxe4
15. Bh6 Bh8 16. h4 Qf6 17. e3 Qd6 18. Rac1 Rab8 19. b3 Re6 20. Bh3 Bf5 21. Bxf5
gxf5 22. Bf4 Qb4 23. Qxb4 Rxb4 24. Bxc7 Bf6 25. Rc2 Kg7 26. Rec1 Rb7 27. Rxc6
Rxc6 28. Rxc6 1-0

[Event "Youth Classic 2019 - Juniors Open U18"]
[Site "Bad Soden, Hasselgrundhalle"]
[Date "2019.10.04"]
[Round "4.9"]
[White "Koch, Laura"]
[Black "Schmetkamp, Ian"]
[Result "1-0"]
[WhiteElo "1020"]
[BlackElo "1129"]
[PlyCount "47"]
[EventDate "2019.??.??"]
[WhiteTeam "SV Frankfurt Nord"]
[BlackTeam "Post  Schw. Hall"]

1. e4 e5 2. Nf3 Nc6 3. d4 exd4 4. Nxd4 d6 5. Nc3 Nf6 6. Bb5 Bd7 7. O-O g6 8.
Re1 Bg7 9. Bg5 O-O 10. a4 h6 11. Bf4 Nh5 12. Nde2 Qf6 13. Qd2 a6 14. Nd5 Qxb2
15. Bxc6 Bxc6 16. Nxc7 Rac8 17. Nd5 Rfe8 18. Bxd6 Rcd8 19. Reb1 Qxa1 20. Rxa1
Bxa1 21. Ba3 Rxe4 22. Ne7+ Kg7 23. Qxd8 Rxe2 24. Qd1 1-0

[Event "Youth Classic 2019 - Juniors Open U18"]
[Site "Bad Soden, Hasselgrundhalle"]
[Date "2019.10.04"]
[Round "4.10"]
[White "Hoang, Jan"]
[Black "Wagner, Valerian"]
[Result "1-0"]
[WhiteElo "1097"]
[BlackElo "751"]
[PlyCount "61"]
[EventDate "2019.??.??"]
[WhiteTeam "Post  Schw. Hall"]
[BlackTeam "SC Bad Soden"]

1. c4 e5 2. Nc3 Nc6 3. g3 Bc5 4. Bg2 Nf6 5. a3 d6 6. e3 Bg4 7. f3 Bf5 8. b4 Bb6
9. Nge2 O-O 10. O-O Qd7 11. Bb2 a6 12. Kh1 Ba7 13. Nd5 Nxd5 14. cxd5 Ne7 15. e4
Bh3 16. d4 Bxg2+ 17. Kxg2 Bxd4 18. Nxd4 exd4 19. Qxd4 f6 20. Rac1 c5 21. bxc5
dxc5 22. Rxc5 Rac8 23. Rfc1 Rxc5 24. Rxc5 Rc8 25. Rxc8+ Qxc8 26. d6 Ng6 27. d7
Qd8 28. Qd5+ Kh8 29. Qxb7 Nf8 30. Qc8 Qxd7 31. Qxf8# 1-0

[Event "Youth Classic 2019 - Juniors Open U18"]
[Site "Bad Soden, Hasselgrundhalle"]
[Date "2019.10.04"]
[Round "4.11"]
[White "Klein, Dennis"]
[Black "Roden, Philipp"]
[Result "1-0"]
[WhiteElo "1119"]
[BlackElo "1295"]
[PlyCount "71"]
[EventDate "2019.??.??"]
[WhiteTeam "Post  Schw. Hall"]
[BlackTeam "SC ML Kastellaun"]

1. e4 c5 2. Nf3 Nc6 3. d4 cxd4 4. Nxd4 g6 5. Nc3 Bg7 6. Be3 e6 7. Bc4 Nge7 8.
O-O O-O 9. Re1 a6 10. a4 Na5 11. Be2 d5 12. exd5 Nxd5 13. Nxd5 Qxd5 14. Bf3 Qd6
15. Rb1 Nc4 16. Nb3 Qxd1 17. Rbxd1 Nxb2 18. Rb1 Nxa4 19. Nc5 Nxc5 20. Bxc5 Rd8
21. Bxb7 Bxb7 22. Rxb7 Rdc8 23. Ba3 Rxc2 24. Reb1 Rcc8 25. Kf1 Be5 26. Rd1 Rc7
27. Rbb1 Kg7 28. g3 Rc3 29. Bb2 Rc5 30. Rbc1 Rac8 31. Bxe5+ f6 32. Rxc5 Rxc5
33. Rd7+ Kg8 34. Bxf6 a5 35. Rg7+ Kh8 36. Rc7+ 1-0

[Event "Youth Classic 2019 - Juniors Open U18"]
[Site "Bad Soden, Hasselgrundhalle"]
[Date "2019.10.04"]
[Round "4.12"]
[White "Jung, Natalie"]
[Black "Sauer, Philipp"]
[Result "1-0"]
[WhiteElo "1119"]
[BlackElo "1166"]
[PlyCount "82"]
[EventDate "2019.??.??"]
[WhiteTeam "SK Ettlingen"]
[BlackTeam "Post  Schw. Hall"]

1. d4 d5 2. Bf4 Nc6 3. e3 Nf6 4. c4 e6 5. Nf3 Bb4+ 6. Nc3 Ne4 7. Qb3 Bxc3+ 8.
bxc3 O-O 9. Bd3 Na5 10. Qb4 b6 11. cxd5 exd5 12. O-O Bg4 13. Bxe4 dxe4 14. Nd2
Bf5 15. h3 c5 16. Qb5 Qf6 17. f3 Rfe8 18. Rad1 Qg6 19. g4 Be6 20. a3 h5 21.
Nxe4 hxg4 22. hxg4 Bxg4 23. fxg4 Rxe4 24. Qd7 Nc4 25. Rf3 Rf8 26. Qf5 Qxf5 27.
gxf5 Rfe8 28. Rd3 cxd4 29. cxd4 Nd6 30. Bxd6 Rc8 31. Rf4 Ree8 32. Rf1 Rc2 33.
Rf2 Rc1+ 34. Kg2 g6 35. fxg6 fxg6 36. Kf3 Re6 37. Bg3 Rf6+ 38. Ke2 Rfc6 39. e4
R6c2+ 40. Ke3 Rc3 41. e5 Rxd3+ 1-0

[Event "Youth Classic 2019 - Juniors Open U18"]
[Site "Bad Soden, Hasselgrundhalle"]
[Date "2019.10.05"]
[Round "5.1"]
[White "Iliev, Mustafa Batuhan"]
[Black "Köllner, Aaron Noah"]
[Result "1/2-1/2"]
[WhiteElo "2017"]
[BlackElo "2087"]
[PlyCount "113"]
[EventDate "2019.??.??"]
[WhiteTeam "SV Großauheim"]
[BlackTeam "SV Bergneustadt/Derschlag"]

1. e4 c5 2. Nf3 e6 3. d4 cxd4 4. Nxd4 Nc6 5. Nc3 Qc7 6. Be3 a6 7. Be2 b5 8.
Nxc6 Qxc6 9. e5 Bb7 10. Bf3 Qc7 11. O-O Rc8 12. Bxb7 Qxb7 13. Qd3 Ne7 14. Rad1
Nf5 15. a4 b4 16. Ne4 Be7 17. Bg5 Bxg5 18. Nxg5 h6 19. Ne4 O-O 20. Rfe1 Rc7 21.
g4 Nh4 22. Qg3 Ng6 23. Rd2 Qb6 24. b3 Ne7 25. Re3 Qa5 26. Nd6 Nd5 27. Red3 Rc6
28. Nc4 Qc7 29. Rd4 f6 30. f4 fxe5 31. fxe5 Qd8 32. Rf2 Rxf2 33. Qxf2 Qg5 34.
h4 Qc1+ 35. Kg2 Rc8 36. Qd2 Qb1 37. Rd3 Rf8 38. Qd1 Qxd1 39. Rxd1 Rf4 40. Kg3
Re4 41. Kf3 Rf4+ 42. Kg3 g5 43. hxg5 hxg5 44. a5 Re4 45. Nb6 Rxe5 46. Nxd7 Re3+
47. Kf2 Rc3 48. Rd2 Kf7 49. Ne5+ Kf6 50. Nd7+ Ke7 51. Ne5 Kf6 52. Nc4 Ke7 53.
Ne5 Kf6 54. Nc4 Ke7 55. Ne5 Nf6 56. Kg2 Nd5 57. Kf2 1/2-1/2

[Event "Youth Classic 2019 - Juniors Open U18"]
[Site "Bad Soden, Hasselgrundhalle"]
[Date "2019.10.05"]
[Round "5.2"]
[White "Geltz, Noah"]
[Black "Köllner, Ruben Gideon"]
[Result "0-1"]
[WhiteElo "2054"]
[BlackElo "2254"]
[PlyCount "166"]
[EventDate "2019.??.??"]
[WhiteTeam "SF HN-Biberach"]
[BlackTeam "SF Deizisau"]

1. d4 d6 2. Nf3 Nf6 3. c4 g6 4. Nc3 Bf5 5. g3 Ne4 6. Bg2 Nxc3 7. bxc3 Be4 8.
O-O Bg7 9. Ne1 Bxg2 10. Nxg2 O-O 11. Rb1 b6 12. e4 c5 13. Be3 Nc6 14. Qd3 Qc8
15. f4 Na5 16. d5 Qd7 17. Rb5 Rab8 18. Bd2 f5 19. Re1 e6 20. e5 dxe5 21. fxe5
exd5 22. e6 Qe7 23. cxd5 c4 24. Qf3 Nb7 25. Bf4 Rbc8 26. Rbb1 Rfd8 27. Rbd1 Nd6
28. Bxd6 Rxd6 29. Nf4 Rc5 30. Ne2 Qd8 31. Kf1 Qe8 32. Nf4 Qe7 33. Ne2 Qe8 34.
Nf4 Bf6 35. Kg2 Qe7 36. Rd2 Kf8 37. h4 Ke8 38. h5 Qg7 39. hxg6 hxg6 40. Re3 Bg5
41. Rd1 Ra5 42. Rd2 Qb7 43. Re5 Qg7 44. Qe3 Bf6 45. Nh5 gxh5 46. Rxf5 h4 47.
Qf4 Qxg3+ 48. Qxg3 hxg3 49. Rxf6 Raxd5 50. Rxd5 Rxd5 51. Kxg3 Ra5 52. Rf4 b5
53. Kf3 Rxa2 54. Ke3 Ke7 55. Re4 Ra6 56. Rh4 Rxe6+ 57. Kd4 a6 58. Kc5 Re3 59.
Rh7+ Kf8 60. Kb4 Re2 61. Ra7 Ra2 62. Kc5 Ra3 63. Kd4 Ke8 64. Rh7 a5 65. Rb7 Rb3
66. Ra7 a4 67. Kc5 a3 68. Kd4 Kd8 69. Kc5 Kc8 70. Kd4 Kb8 71. Ra5 Kc7 72. Kc5
Kd7 73. Kd4 Ke6 74. Ra8 Kf5 75. Rf8+ Kg4 76. Rf7 Kg3 77. Rf8 a2 78. Ra8 Rb2 79.
Rg8+ Kf2 80. Rf8+ Ke2 81. Re8+ Kd2 82. Rh8 Kc2 83. Ra8 Kb1 0-1

[Event "Youth Classic 2019 - Juniors Open U18"]
[Site "Bad Soden, Hasselgrundhalle"]
[Date "2019.10.05"]
[Round "5.3"]
[White "Meinecke, Florian"]
[Black "Lehmann, Tim"]
[Result "1/2-1/2"]
[WhiteElo "1987"]
[BlackElo "1955"]
[PlyCount "32"]
[EventDate "2019.??.??"]
[WhiteTeam "SV Turm Sankt Augustin"]
[BlackTeam "SV Lahn Limburg"]

1. d4 d6 2. Bf4 c6 3. c3 g6 4. Nd2 Nd7 5. Ngf3 Bg7 6. Bg3 e5 7. dxe5 Nxe5 8.
Nxe5 Bxe5 9. Bxe5 dxe5 10. Nc4 Qxd1+ 11. Rxd1 f6 12. e3 Nh6 13. Nd6+ Ke7 14.
Bc4 Rd8 15. Nxc8+ Raxc8 16. Ke2 Nf5 1/2-1/2